| 000 | 00709nam a2200121Ia 4500 | ||
|---|---|---|---|
| 008 | 220620s9999||||xx |||||||||||||| ||und|| | ||
| 100 | _aBraithwaite, John||Charlesworth, Hilary||Reddy, Peter||Dunn, Leah | ||
| 245 | 0 | _aReconciliation and Architectures of Commitment: Sequencing peace in Bougainville | |
| 546 | _aEnglish[eng] | ||
| 650 | _apolitics and government||papua new guinea||peace||history||autonomy||women||independence||bougainville island||Australia||Peacebuilding | ||
| 856 | _uhttps://library.oapen.org/bitstream/20.500.12657/33640/1/459490.pdf||https://library.oapen.org/bitstream/20.500.12657/33640/1/459490.pdf||https://library.oapen.org/bitstream/20.500.12657/33640/1/459490.pdf | ||
| 942 | _cEB | ||
| 999 |
_c25718 _d25718 |
||